[Event "Saarland-ch B 89th"]
[Site "Stennweiler"]
[Date "2014.04.15"]
[Round "5"]
[White "Ziegler, Karl Heinz"]
[Black "Luy, Markus"]
[Result "1-0"]
[WhiteElo "1569"]
[BlackElo "1336"]
[PlyCount "65"]
[EventDate "2014.04.11"]
[EventType "swiss"]
[EventRounds "9"]
[EventCountry "GER"]
[SourceTitle "EXT 2016"]
[Source "ChessBase"]
[SourceDate "2015.10.08"]
[SourceVersion "1"]
[SourceVersionDate "2015.10.08"]
[SourceQuality "1"]

1. c4 e5 2. g3 Nf6 3. Bg2 Nc6 4. Nf3 d5 5. cxd5 Nxd5 6. 0-0 Bc5 7. Nc3 Be6 8. d3 Qd7 9. Bd2 f6 10. Rc1 Bb6 11. a3 0-0-0 12. Na4 Bh3 13. Nxb6+ Nxb6 14. b4 Bxg2 15. Kxg2 g5 16. a4 h5 17. b5 Nd4 18. a5 Na8 19. Nxd4 exd4 20. Rc5 h4 21. Qc2 hxg3 22. fxg3 Qh3+ 23. Kf2 Qxh2+ 24. Ke1 Qxg3+ 25. Kd1 Kb8 26. Rcf5 Rd6 27. Qc4 Re8 28. Rxf6 Rxf6 29. Rxf6 Qe5 30. Rf2 b6 31. a6 Qc5 32. Bxg5 Qxg5 33. Qc6 1-0

[Event "Saarland-ch B 87th"]
[Site "Voelklingen"]
[Date "2012.03.30"]
[Round "1"]
[White "Ziegler, Karl Heinz"]
[Black "Ley, Stefan"]
[Result "1-0"]
[WhiteElo "1459"]
[BlackElo "1574"]
[PlyCount "91"]
[EventDate "2012.03.30"]
[EventType "swiss"]
[EventRounds "6"]
[EventCountry "GER"]
[SourceTitle "EXT 2013"]
[Source "ChessBase"]
[SourceDate "2012.11.22"]
[SourceVersion "1"]
[SourceVersionDate "2012.11.22"]
[SourceQuality "1"]

1. c4 e5 2. g3 Nf6 3. Bg2 Bc5 4. Nc3 0-0 5. Nf3 Nc6 6. 0-0 a6 7. e3 d6 8. a3 Ba7 9. b4 Rb8 10. d4 Bg4 11. d5 Ne7 12. Qc2 Qd7 13. Ng5 h6 14. Nge4 Nxe4 15. Bxe4 f5 16. Bg2 Rf7 17. h3 Bh5 18. Kh2 Rbf8 19. f4 exf4 20. exf4 Bd4 21. Qd3 Bf6 22. Bf3 Bg6 23. Ra2 Bh7 24. Ne2 g5 25. Nd4 g4 26. Bd1 b5 27. Ne6 Rb8 28. Bb2 Bxb2 29. Rxb2 Re8 30. Bb3 Nc8 31. Re2 Rfe7 32. Rfe1 Nb6 33. c5 Na8 34. Qd4 Rf7 35. h4 Ree7 36. Re3 Re8 37. Qc3 Ree7 38. Qa1 Re8 39. a4 Bg6 40. c6 Qc8 41. a5 Qb8 42. Nd4 Re4 43. Bc2 Rxe3 44. Rxe3 h5 45. Qe1 Rh7 46. Bxf5 1-0

[Event "Saarland-ch C 85th"]
[Site "Homburg"]
[Date "2010.04.03"]
[Round "9"]
[White "Ziegler, Karl Heinz"]
[Black "Luy, Markus"]
[Result "1/2-1/2"]
[WhiteElo "1419"]
[BlackElo "1442"]
[PlyCount "120"]
[EventDate "2010.03.28"]
[EventType "swiss"]
[EventRounds "9"]
[EventCountry "GER"]
[SourceTitle "EXT 2011"]
[Source "ChessBase"]
[SourceDate "2010.11.26"]
[SourceVersion "1"]
[SourceVersionDate "2010.11.26"]
[SourceQuality "1"]

1. c4 Nf6 2. Nc3 g6 3. g3 Bg7 4. Bg2 0-0 5. Rb1 e5 6. e4 Nc6 7. Nge2 d6 8. 0-0 Be6 9. d3 Qd7 10. Nd5 Ne7 11. Bg5 Nexd5 12. cxd5 Bh3 13. Rc1 Bxg2 14. Kxg2 Ne8 15. Rc2 f5 16. Be3 Nf6 17. f3 Nh5 18. Bc1 Rf7 19. Ng1 Raf8 20. Rcf2 f4 21. g4 Nf6 22. h3 Qe7 23. Kh1 Ne8 24. Bd2 Qh4 25. Be1 Qe7 26. Qa4 a6 27. Rc2 Qd7 28. Qxd7 Rxd7 29. Ba5 Rff7 30. Rfc1 b6 31. Bc3 Rd8 32. Ne2 Rc8 33. Be1 Bf6 34. Bf2 Rb8 35. d4 Re7 36. dxe5 dxe5 37. Rc6 Kf7 38. a3 Bg7 39. R1c2 Rd8 40. Bh4 Bf6 41. Bxf6 Nxf6 42. Rxc7 Rdd7 43. Rxd7 Rxd7 44. Rc6 Rb7 45. Nc3 Ke7 46. Na4 Nd7 47. Kg1 b5 48. Nc5 Nxc5 49. Rxc5 Kd7 50. Kf1 Rb6 51. h4 a5 52. Ke2 a4 53. Kd3 b4 54. axb4 Rxb4 55. Kc2 Rb3 56. Rc3 Rb6 57. Kb1 Rb4 58. Ka2 Rd4 59. Ra3 Kd6 60. Rc3 Kd7 1/2-1/2

[Event "Saarland-ch C 85th"]
[Site "Homburg"]
[Date "2010.04.01"]
[Round "7"]
[White "Balzer, Roman"]
[Black "Ziegler, Karl Heinz"]
[Result "1/2-1/2"]
[WhiteElo "1413"]
[BlackElo "1419"]
[PlyCount "32"]
[EventDate "2010.03.28"]
[EventType "swiss"]
[EventRounds "9"]
[EventCountry "GER"]
[SourceTitle "EXT 2011"]
[Source "ChessBase"]
[SourceDate "2010.11.26"]
[SourceVersion "1"]
[SourceVersionDate "2010.11.26"]
[SourceQuality "1"]

1. e4 e6 2. d4 d5 3. Nc3 Bb4 4. Bd3 c5 5. Nf3 Nc6 6. a3 Bxc3+ 7. bxc3 c4 8. exd5 exd5 9. Be2 Nge7 10. 0-0 0-0 11. Nh4 Nf5 12. Nxf5 Bxf5 13. Bg4 Qd7 14. Bf3 Rfe8 15. Bf4 Re7 16. Qb1 Rae8 1/2-1/2